UM Logo

Philippines yearbook 2004 (Record no. 8197)

MARC details
000 -LEADER
fixed length control field 00355nam a2200121 4500
008 - FIXED-LENGTH DATA ELEMENTS--GENERAL INFORMATION
fixed length control field 180103b xxu||||| |||| 00| 0 eng d
082 ## - DEWEY DECIMAL CLASSIFICATION NUMBER
Edition number 2004
Classification number DFil 050
Item number P54
245 ## - TITLE STATEMENT
Title Philippines yearbook 2004
260 ## - PUBLICATION, DISTRIBUTION, ETC. (IMPRINT)
Place of publication, distribution, etc. s.l. :
Name of publisher, distributor, etc. s.n.,
Date of publication, distribution, etc. ©2004.
300 ## - PHYSICAL DESCRIPTION
Extent [366 pages] :
Other physical details colored illustratiions ;
Dimensions 30 cm.
650 #0 - SUBJECT ADDED ENTRY--TOPICAL TERM
9 (RLIN) 25352
Chronological subdivision 2004
Geographic subdivision Philippines
942 ## - ADDED ENTRY ELEMENTS (KOHA)
Source of classification or shelving scheme Dewey Decimal Classification
Koha item type Filipiniana
Holdings
Withdrawn status Lost status Source of classification or shelving scheme Damaged status Not for loan Collection code Home library Current library Date acquired Source of acquisition Total Checkouts Full call number Barcode Date last seen Price effective from Koha item type
    Dewey Decimal Classification     Filipiniana UM Digos College - LIC UM Digos College - LIC 05/15/2025 Purchased   DFil 050 P54 2004 17692 05/15/2025 05/15/2025 Filipiniana